Countries by Size: Superior to Ontario - Statistics

General Stats
  • This quiz has been taken 170 times
  • The average score is 34 of 37
Answers on the Map
Answers color-coded by a green-red scale on the quiz's map according to % correct below.
 
Answer Stats
km² Continent 1st Letter Country % Correct
30,528 Europe B Belgium
97%
64,594 Europe L Latvia
97%
41,865 Europe N Netherlands
97%
56,594 Europe C Croatia
96%
45,339 Europe E Estonia
96%
75,320 North America P Panama
96%
65,286 Europe L Lithuania
95%
20,273 Europe S Slovenia
95%
78,871 Europe C Czech Republic
94%
49,035 Europe S Slovakia
94%
28,748 Europe A Albania
93%
29,743 Asia A Armenia
93%
51,209 Europe B Bosnia and Herzegovina
93%
42,947 Europe D Denmark
93%
30,355 Africa L Lesotho
93%
33,847 Europe M Moldova
93%
56,785 Africa T Togo
93%
27,750 North America H Haiti
92%
25,713 Europe N North Macedonia
92%
26,338 Africa R Rwanda
92%
41,291 Europe S Switzerland
92%
38,394 Asia B Bhutan
91%
51,100 North America C Costa Rica
91%
48,670 North America D Dominican Republic
91%
70,273 Europe I Ireland
91%
21,041 North America E El Salvador
90%
69,700 Asia G Georgia
90%
22,965 North America B Belize
89%
21,937 Asia I Israel
89%
35,980 Asia T Taiwan
89%
27,834 Africa B Burundi
87%
28,051 Africa E Equatorial Guinea
87%
72,300 Africa S Sierra Leone
86%
23,200 Africa D Djibouti
84%
36,125 Africa G Guinea-Bissau
84%
65,610 Asia S Sri Lanka
82%
28,896 Oceania S Solomon Islands
79%
No matching quizzes found
Score Distribution
Percent of People with Each Score
Percentile by Number Answered
Your Score History
You have not taken this quiz